00724nam a2200229 i 4500001001000000003000900010005001700019007000300036008004100039040003000080082001400110100002000124245007800144264003200222300002800254336002700282337003300309338002800342490001900370500007300389700003200462000021147DO-SdBNP20230524105849.0ta100901s1947 sp 000 0 spa d aDO-SdBNPbspacBNPHUerda 4bP718d2221 aPlatóneautor10aDiálogos /cPlatón ; versión Juan Garriga ; notas Rafael W. Emerson 1aBarcelona :bIberia,c1947. a194 páginas ;c19 cm. 2rdacontentatextobtxt 2rdamediaasin mediaciónbn 2rdacarrieravolumenbnc aObras Maestras aIncluye referencias bibliográficas y notas al pie de las páginas1 aW. Emersson, Rafael,enotas